01327nam a2200325Ia 4500001001200000003000800012006001900020007001500039008004100054020001500095040002100110035002000131050002100151082001800172100002600190245014300216260005200359300001800411490005700429504005100486533015200537650002300689650002300712650003300735655002900768710001700797830004600814856012600860999001500986ebr10026199CaPaEBRm u cr cn|||||||||030205s2003 pau sb 001 0 eng d z1588113620 aCaPaEBRcCaPaEBR a(OCoLC)5293855114aT11b.L28 2003eb04a808/.06662211 aLassen, Inger,d1951-10aAccessibility and acceptability in technical manualsh[electronic resource] :ba survey of style and grammatical metaphor /cInger Lassen. aPhiladelphia, PA :bJohn Benjamins Pub.,c2003. axviii, 201 p.1 aDocument design companion series,x1568-1963 ;vv. 4 aIncludes bibliographical references and index. aElectronic reproduction.bPalo Alto, Calif. :cebrary,d2011.nAvailable via World Wide Web.nAccess may be limited to ebrary affiliated libraries. 0aTechnical writing. 0aTechnical manuals. 0aReadability (Literary style) 7aElectronic books.2local2 aebrary, Inc. 0aDocument design companion series ;vv. 4.40uhttp://site.ebrary.com/lib/rucke/Doc?id=10026199zAn electronic book accessible through the World Wide Web; click to view c8650d8650